000 00555nam a2200193Ia 4500
005 20250508152030.0
008 008 250505s9999 xx 000 0 eng d
037 _aBooks to be hide in OPAC
040 _aFEDL
_beng
_cFEDL
041 _aeng
_2eng
084 _a370.954, IND/O
_qFEDL
245 0 _aReport of the committee of the central advisory board of education
245 0 _cBureau of Education in India
260 _c1946
300 _a36p.
365 _aINR
_b1.35
942 _cHB
_h370.954, IND/O
999 _c1333772
_d1333772